| 000 | 01003cam a22002055a 4500 | ||
|---|---|---|---|
| 001 | L158077 | ||
| 008 | 140409s2014 xxk f 000 0 eng d | ||
| 035 | _a(Sirsi) u158077 | ||
| 041 | 0 | _aeng | |
| 110 | 2 |
_aOffice of Fair Trading _91355 |
|
| 245 | 0 | 0 |
_aResidential property management services _h[electronic resource] |
| 260 |
_aLondon _cOFT _b2014 |
||
| 520 | _aOFT launched a market study on 4 March 2014 looking at the provision of residential property management services in England and Wales in order to examine whether the market is working fairly for consumers. Results of the study are due for publication in September 2014. | ||
| 590 | _aKA | ||
| 651 | 4 |
_aEngland and Wales _y1543- |
|
| 690 |
_aResidential property _96266 |
||
| 690 |
_aProperty management _96262 |
||
| 856 | 4 | 0 |
_uhttps://webarchive.nationalarchives.gov.uk/20140402142426/http://www.oft.gov.uk/OFTwork/markets-work/residential-property-management/ _zView this item free of charge at www.nationalarchives.ov.uk. |
| 942 | _n0 | ||
| 999 |
_c115126 _d115126 |
||